000 00431cam a2200181ua 4500
001 4110
008 111215n ii |||gr||||Z||||||asm
040 _cMAIN
082 _a891.4513
100 1 _aDutta, Mukut,
245 1 1 _aSabdar baraxun
_cby Mukut Dutta
250 _a1st.
260 _aNamrup:
_bArchana Prakash,
_c2008.
300 _a98p:
_c23cm.
653 _aAssamese short stories
653 _aSabdar baraxun
942 _cBK
999 _c3932
_d3932